000 00978naa a22003017a 4500
001 BR6004504
003 BR-BrBNA
005 20240918172853.0
007 ta
008 230509b bl.||||| |||| 00| 0 por d
040 _aBR-BrBNA
_bpor
_cBiblioteca Nacional de Agricultura
041 _a(Pt)
072 _aK50; E10
_b8911
_bG514
090 _aK50 BR6004504
100 1 _aRys, J.L.
111 1 _a1. Congresso Forestal Brasileiro
_cCuritiba, PR (Brazil)
_d13 Sep 1953
245 1 _aO Brasil e o papel
260 3 _aCuritiba, PR (Brasil):
_c1954.
500 _aAnais do 1. Congresso Florestal Brasileiro Curitiba, PR (Brasil): 1954. p. 423-436 (BR6004504-AM)K50
650 _aINDUSTRIALIZACAO
650 _aMADEIRA
650 _aPAPEL
650 _aCUSTO
650 _aCOMERCIALIZACAO
773 0 _tAnais do 1. Congresso Florestal Brasileiro
_wK50 BR6004504
_gCuritiba, PR (Brasil), 1954. p. 423-436
909 _a202404
_bLucia
_c55
_dLucia Elande
942 _cAM
_2AGRIS
999 _c301832
_d301832